Smashing Pumpkins songs - Sudden Death - Statistics

General Stats
  • This quiz has been taken 101 times
  • The average score is 5 of 10
Answers on the Grid
Answers color-coded by a green-red scale on the quiz's grid according to % correct below.
Love
Whir
1976
To Forget
Zero
Silverfuck
Today
Cherry Rock
U.S.S.R.
Blow Away
Muzzle
Tonight, Tonight
18
Perfect
Cupid De Locke
Appels + Banamas
 
Answer Stats
Answer % Correct
Zero
74%
Tonight, Tonight
68%
Silverfuck
66%
Today
63%
Perfect
61%
Cupid De Locke
56%
Love
55%
Muzzle
42%
Whir
37%
U.S.S.R.
19%
No matching quizzes found
Score Distribution
Percent of People with Each Score
Percentile by Number Answered
Your Score History
You have not taken this quiz